000 00316nam a2200133Ia 4500
008 240624s9999 xx 000 0 und d
041 _aeng
082 _a823 SMI
100 _aSMITH WILBUR
245 _aWAR CRY
260 _c2017
_aNew Delhi
_bHarper Collins India
300 _a506 p.; 21 cm.
365 _cRS
_b27.5
999 _c29613
_d29613